000 00623nam a2200229Ia 4500
003 OSt
005 20220927105058.0
006 a|||||r|||| 00| 0
007 ta
008 220926b |||||||| |||| 00| 0 eng d
024 _a186056
037 _cReference Collections
040 _aRTL
_cRTL
_beng
041 _2eng
_aeng
082 _a"X:22, L2"
100 _aMAURICE Peston
_9370017
245 0 _aPublic goods and the public sector.
260 _aLondon
_bThe Mac Millan Press Ltd.
_c1972
300 _a63p.
_ccm.
942 _h"X:22, L2"
_cCC
999 _c690557
_d690557